000 00699nam a2200253Ia 4500
003 OSt
005 20220926013823.0
006 a|||||r|||| 00| 0
007 ta
008 220923b |||||||| |||| 00| 0 eng d
020 _a047108025X
037 _cGeneral Book
040 _aRTL
_cRTL
_beng
041 _2eng
_aeng
082 _aT4:8.73.N7, L3
100 _aBlau Poter M
_9319086
245 0 _aOrganization of academic work
260 _aNew York
_bJohn Wiley U S A
_c1973
300 _axvii,310p.
_ccm.
500 _aAppendix p. 281-301
650 _aEducation - University
_9237429
942 _hT4:8.73.N7, L3
_cGB
_2CC
999 _c626942
_d626942